| 000 | 01089nam a2200265Ia 4500 | ||
|---|---|---|---|
| 003 | OSt | ||
| 005 | 20221005105209.0 | ||
| 006 | a|||||r|||| 00| 0 | ||
| 007 | ta | ||
| 008 | 221004b |||||||| |||| 00| 0 hin d | ||
| 020 |
_a9788179753163 (hbk) _c700 |
||
| 024 | _a23825 | ||
| 037 |
_b248, 03/12/2015, Eastern Book Linkers _cTextual |
||
| 040 |
_aCRL _cCRL _bhin |
||
| 041 |
_2hin _ahin |
||
| 082 | _aO152,3:g(Y5927), Q0 | ||
| 100 |
_aरजत रानी ‘मीनू’ _9157821 |
||
| 245 | 0 |
_aहिन्दी दलित कथा - साहित्य _b अवधारणाएं और विधाएं |
|
| 246 | _aHindī dalit kathā - sāhitya: avadhāraṇāean aur vidhāean | ||
| 260 |
_aनई दिल्ली _bअनामिका पब्लिशर्स भारत _c2010 |
||
| 300 |
_a320पृ0 _ccm. |
||
| 650 | _aहिन्दी साहित्य | ||
| 942 |
_hO152,3:g(Y5927), Q0 _cTEXL _2cc |
||
| 999 |
_c1015074 _d1015074 |
||